000
00361nam a2200133Ia 4500
008
151001s9999||||xx |||||||||||||| ||und||
100
_a
Navkala Roy
245
4
_a
The Ship: How it work
250
_a
4
260
_b
Children Books Trust
260
_c
1998
300
_a
24
365
_b
18
999
_c
975830
_d
975827